000 00973 a2200241 4500
001 37825
005 20260407155645.0
008 260407a1986 arg spa d
003 AR-UNSa-BCEJYS
040 _aAR-UNSa-BCEJYS
_bspa
_cAR-UNSa-BCEJYS
080 _a51-7
_xEstudios y métodos matemáticos en otros campos del conocimiento. Matemáticas científicas. Matemáticas actuariales (Matemáticas Financieras)
245 1 0 _aCálculo financiero
020 _a950-9109-33-9
264 1 _aBuenos Aires :
_bTesis
_c1986
300 _axii, 536 p.
_c22 cm.
505 _a1. Operaciones financieras - 2. Operaciones financieras simples - 3. Operaciones complejas - 4. Constitución de capitales - 5. Reembolso de préstamos
041 _aspa
942 _cBK
590 _aniveau_biblio:m niveau_hierar:0
100 1 _aTrossero, Angel A.
700 1 _aMurioni, Oscar
856 4 1 _uhttps://biblioeco.unsa.edu.ar/pmb/images/libros/L39959.jpg
_yImagen de portada
_qimage/jpeg
999 _c2811
_d2811